000 00951nam a2200217 a 4500
008 120416s1983 ||||||||||||||||| || u
020 _a0691076596
050 _aJS 344.F4 Mol
100 _aMollenkopf, John H., 1946-
245 1 4 _aThe contested city
260 _aPrinceton, N.J.
_bPrinceton University Press
_c1983
300 _axii, 328p : ill
350 _a0.00
500 _aIncludes bibliographical references and index.
650 _aPOLITICS
650 _aFEDERAL--CITY RELATIONS--UNITED STATES
650 _aSan Francisco (Calif.)-- Politics and government
650 _aBOSTON (MASS)--POLITICS AND GOVERNMENT
995 _aANNEX COLLECTION (Main Library)
_D0.00
_e709299
_FCBU-MAIN LIBRARY (Kitwe)
_H2
_I0.00
_jJS 344.F4 Mol
_M2
_UAVAILABLE
_y009101
_ZAnnex Low-Usage Collection
995 _aANNEX COLLECTION (Main Library)
_D0.00
_e709298
_FCBU-MAIN LIBRARY (Kitwe)
_H1
_I0.00
_jJS 344.F4 Mol
_M1
_UAVAILABLE
_y009100
_ZAnnex Low-Usage Collection
999 _c79831
_d79831